Вып. 3, 1998; Ежегодник ТПУ

Bibliographic Details
Parent link:Ежегодник ТПУ=TPU Year-Book: информационное издание о состоянии и деятельности Томского политехнического университета/ Томский политехнический университет. Вып. 3, 1998.— , 1996-
Language:Russian
English
Published: 1998
Subjects:
Format: Book
KOHA link:https://koha.lib.tpu.ru/cgi-bin/koha/opac-detail.pl?biblionumber=54951

MARC

LEADER 00000nam2a2200000 4500
001 54951
005 20231101211522.0
035 |a (RuTPU)RU\TPU\book\57638 
035 |a RU\TPU\book\6630 
090 |a 54951 
100 |a 20030902d1998 k y0rusy50 ca 
101 0 |a rus  |a eng 
102 |a RU 
105 |a a z 000zy 
200 0 |a Вып. 3, 1998 
210 |d 1998 
215 |a 131 с.  |c ил. 
461 1 |0 (RuTPU)RU\TPU\book\49866  |t Ежегодник ТПУ  |l TPU Year-Book  |o информационное издание о состоянии и деятельности Томского политехнического университета  |f Томский политехнический университет  |v Вып. 3, 1998  |d 1996-  
606 1 |a Техника  |x История  |2 stltpush  |3 (RuTPU)RU\TPU\subj\68282  |9 83710 
610 1 |a политехнические университеты 
610 1 |a ТПУ 
610 1 |a Томск 
610 1 |a высшее образование 
610 1 |a подразделения 
610 1 |a культура 
610 1 |a Коллекция История ТПУ 
675 |a 62(09)  |v 3 
686 |a Ч611.68  |v LBC/SL-A  |2 rubbk 
801 0 |a RU  |b 63413507  |c 20011209  |g PSBO 
801 1 |a RU  |b 63413507  |c 20030902  |g PSBO 
801 2 |a RU  |b 63413507  |c 20210127  |g PSBO 
942 |c BK